000 00690nam a2200289Ia 4500
005 20260324121016.0
008 008 260324s9999 xx 000 0 eng d
020 _a9781315758367
037 _aEBOOK
040 _aCRL
040 _beng
040 _cCRL
041 _2eng
041 _aeng
084 _qCRL
100 _aPeter Hall; Colin Ward
_91160836
245 0 _aSociable Cities
245 4 _bThe 21st-Century Reinvention of the Garden City
260 _bTaylor and Francis
260 _c2014
365 _a
365 _b290
856 _uhttp://www.taylorfrancis.com/books/9781315758367
942 _cEBOOK
999 _c1752673
_d1752673